Southville International School and Colleges
Your cart is empty.
  • Cart
  • Lists
    Public lists Eva Luna New books Lux_list list_1
    Your lists Log in to create your own lists
  • Log in to your account
  • Your cookies
  • Search history
Southville International School and Colleges
  • Advanced search
  • Recent comments
  • Most popular
  • Libraries

Log in to your account

Log in with GOOGLE


If you do not have an external account, but do have a local account, you can still log in:

  1. Home
  2. MARC view: Complete office handbook :
Normal view MARC view ISBD view

Complete office handbook : (Record no. 363353)

[ view plain ]
MARC details
000 -LEADER
fixed length control field 00654nam a2200229Ia 4500
008 - FIXED-LENGTH DATA ELEMENTS--GENERAL INFORMATION
fixed length control field 200601s9999 xx 000 0 und d
020 ## - INTERNATIONAL STANDARD BOOK NUMBER
International Standard Book Number 0-679-77038-0
050 ## - LIBRARY OF CONGRESS CALL NUMBER
Classification number REF HF 5548
050 ## - LIBRARY OF CONGRESS CALL NUMBER
Item number .J33 1997
100 ## - MAIN ENTRY--PERSONAL NAME
Personal name Jaderstrom, Susan.
245 #0 - TITLE STATEMENT
Title Complete office handbook :
245 #4 - TITLE STATEMENT
Remainder of title the definitive reference for today's electronic office /
245 #0 - TITLE STATEMENT
Statement of responsibility, etc Susan Jaderstrom, Loernard Kruk, and Joanne Miller.
250 ## - EDITION STATEMENT
Edition statement 2nd Edition
260 ## - PUBLICATION, DISTRIBUTION, ETC. (IMPRINT)
Place of publication, distribution, etc New York :
260 ## - PUBLICATION, DISTRIBUTION, ETC. (IMPRINT)
Name of publisher, distributor, etc Random House, Inc.
260 ## - PUBLICATION, DISTRIBUTION, ETC. (IMPRINT)
Date of publication, distribution, etc 2001
300 ## - PHYSICAL DESCRIPTION
Extent 564 pages :
300 ## - PHYSICAL DESCRIPTION
Other physical details illustrations ;
300 ## - PHYSICAL DESCRIPTION
Dimensions 24 cm.
650 ## - SUBJECT ADDED ENTRY--TOPICAL TERM
Topical term or geographic name as entry element Office practice -- Automation.
Holdings
Withdrawn status Lost status Damaged status Home library Current library Shelving location Date acquired Total Checkouts Full call number Barcode Date last seen Price effective from Koha item type
      South Mansfield College South Mansfield College Reference Section 06/01/2020   REF HF 5548 .J33 1997 SMC00688 06/01/2020 06/01/2020 Books

Complete office handbook :

APA

Jaderstrom S., .Complete office handbook. New York: .

Chicago

Jaderstrom Susan, .Complete office handbook. New York: .

Harvard

Jaderstrom S., .Complete office handbook. New York: .

MLA

Jaderstrom Susan, .New York: . .

  • Place hold
  • Print
  • Cite
  • Add to your cart (remove)
  • Save record
    BIBTEX Dublin Core MARCXML MARC (non-Unicode/MARC-8) MARC (Unicode/UTF-8) MARC (Unicode/UTF-8, Standard) MODS (XML) RIS
  • More searches
    Search for this title in:
    Other Libraries (WorldCat) Other Databases (Google Scholar) Online Stores (Bookfinder.com) Open Library (openlibrary.org)

Exporting to Dublin Core...

SOUTHVILLE LIBRARY

Southville International School and Colleges Library

1281 Tropical Ave. Cor. Luxembourg St., BF Homes International, Las Pinas City

Tel. No. 8256374 / 252358 Loc. 117/146

Powered by Koha